| 000 | 01051nas a2200325 4500 | ||
|---|---|---|---|
| 001 | BR2012001536 | ||
| 003 | BR-BrBNA | ||
| 005 | 20231205120241.0 | ||
| 007 | ta | ||
| 008 | 230509b bl.|||p| |||| 00| 00por d | ||
| 040 |
_aBR-BrBNA _bpor _cBiblioteca Nacional de Agricultura |
||
| 041 | _a(Pt) | ||
| 072 | _aL74 | ||
| 100 | 1 | _aBruno, S.F. | |
| 100 | 1 | _aLonga, C. da S. | |
| 100 | 1 | _aCampos, S.D.E. | |
| 100 | 1 | _aMonteiro, F. de O. | |
| 100 | 1 | _aDória, P.B. de A. | |
| 100 | 1 | _aCosta, C.H.C. | |
| 245 | 1 | _aFibrossarcoma mamário em fêmea de rato wistar (rattus norvegicus Berkenhout, 1769)- Relato de caso | |
| 246 | 1 | _aMammary fibrosarcoma in female wistar rat (rattus norvegicus Berkenhout, 1769)- Case report | |
| 650 | _aRATO | ||
| 650 | _aFÊMEA | ||
| 650 | _aNEOPLASIA | ||
| 650 | _aHISTOPATOLOGIA | ||
| 650 | _a | ||
| 773 | 0 |
_tRevista Brasileira de Medicina Veterinária (Brazil) _xISSN 0100-2430 _g(Jul-Sep 2011), v. 33(3) p. 171-176 _wBR2012001536 |
|
| 909 |
_a202311 _bLúcia _c55 _dLúcia Elande |
||
| 942 |
_2AGRIS _n0 _cANA |
||
| 999 |
_c217614 _d217614 |
||